A true book : (Record no. 8360)

MARC details
000 -LEADER
fixed length control field 00886nam a22002897a 4500
001 - CONTROL NUMBER
control field 8360
003 - CONTROL NUMBER IDENTIFIER
control field FISKH
005 - DATE AND TIME OF LATEST TRANSACTION
control field 20250910091716.0
008 - FIXED-LENGTH DATA ELEMENTS--GENERAL INFORMATION
fixed length control field 250910b cb ||||| |||| 00| 0 eng d
020 ## - INTERNATIONAL STANDARD BOOK NUMBER
International Standard Book Number 9780531228036
040 ## - CATALOGING SOURCE
Original cataloging agency FISKH
Language of cataloging eng
Transcribing agency FISKH
Modifying agency FISKH
050 ## - LIBRARY OF CONGRESS CALL NUMBER
Classification number QB857 .T73
082 ## - DEWEY DECIMAL CLASSIFICATION NUMBER
Classification number 523.1
100 ## - MAIN ENTRY--PERSONAL NAME
Personal name K.Trammel, Howard
245 ## - TITLE STATEMENT
Title A true book :
Remainder of title Galaxies /
Statement of responsibility, etc. Howard K. Trammel
250 ## - EDITION STATEMENT
Edition statement This edition first published in 2010
260 ## - PUBLICATION, DISTRIBUTION, ETC.
Place of publication, distribution, etc. New York :
Name of publisher, distributor, etc. Children,
Date of publication, distribution, etc. 2010
300 ## - PHYSICAL DESCRIPTION
Extent 48 pages :
Other physical details color illustrations ;
Dimensions 22 cm
505 ## - FORMATTED CONTENTS NOTE
Formatted contents note Z<br/>
520 ## - SUMMARY, ETC.
Summary, etc. An illustrated introduction to galaxies that explains different types and shapes of galaxies, the Milky Way, and related topics.<br/>
521 8# - TARGET AUDIENCE NOTE
Target audience note 900<br/>
Source Lexile<br/>
521 8# - TARGET AUDIENCE NOTE
Target audience note Z<br/>
Source Raz-Plus<br/>
650 ## - SUBJECT ADDED ENTRY--TOPICAL TERM
Source of heading or term Galaxies
Topical term or geographic name entry element Space
650 ## - SUBJECT ADDED ENTRY--TOPICAL TERM
Source of heading or term Science
Topical term or geographic name entry element Astronomy
942 ## - ADDED ENTRY ELEMENTS (KOHA)
Source of classification or shelving scheme Dewey Decimal Classification
Koha item type Books
Suppress in OPAC No
Holdings
Withdrawn status Lost status Source of classification or shelving scheme Damaged status Not for loan Collection Home library Current library Shelving location Date acquired Total Checkouts Full call number Barcode Date last seen Copy number Price effective from Koha item type
    Dewey Decimal Classification     Non-Fiction Footprints International School Library Network Toul Tom Poung Campus Footprints International School Library Network Toul Tom Poung Campus TTP Secondary Non-Fiction Bookshelves 09/10/2025   TRA 523.1 QB857 .T73 FISTK01245 09/10/2025 1 09/10/2025 Books